00852 2200301 4500001002100000005001500021035002000036007000300056008004100059020002200100040002200122082001600144084001800160090002200178090002200200100002900222245003500251300004900286650001600335850001200351504003000363264003900393336002100432337003000453338002300483999002200506990002200528INLIS00000000085282720191107013915 a0010-1119000235ta191107s2018 yoia g ind d a978-602-7619-83-8 aYOPDYOGbinderda04223a006.312 a006.312 IGN d aDEP 006.312 IGN d aCB-D.11 2018-34440 aIgnatius Surayaepenulis10aData mining /cIgnatius Suraya av, 121 halaman :bilustrasi, gambar ;c29 cm 4adata mining aYOPDYOG aBibliografi : halaman 12134aYogyakarta :bAkprind press,c2018 2rdacontentateks 2rdamediaatanpa perantara 2rdacarrieravolume aCB-D.11/2018-3444 aCB-D.11/2018-3444